All train stations in London - Statistics

General Stats
  • This quiz has been taken 959 times
  • The average score is 138 of 340
Answer Stats
Group Answer % Correct
Brighton main line Clapham Junction
76%
Brighton main line East Croydon
75%
South Eastern main line London Bridge
73%
Crystal Palace line Crystal Palace
72%
Brighton main line London Victoria
69%
South West main line London Waterloo
67%
Waterloo-Reading line Richmond
67%
Great Eastern main line Stratford
67%
Wallington line West Croydon
67%
Greenwich line Greenwich
66%
Portsmouth line Streatham
66%
Portsmouth line Sutton
66%
South West main line Wimbledon
66%
London, Tilbury & Southend line Barking
64%
Catford Loop line Catford
64%
Kingston Loop line | South West main line Kingston
64%
Thameslink core Farringdon
63%
London, Tilbury & Southend line West Ham
63%
Brighton main line Battersea Park
62%
East Coast main line London Kings Cross
62%
South Eastern main line Lewisham
61%
South Eastern main line New Cross
61%
Chiltern main line Wembley Stadium
61%
Gospel Oak-Barking line Gospel Oak
60%
Greenford branch line Greenford
60%
Great Western main line London Paddington
60%
Brighton main line South Croydon
60%
Brighton main line Balham
58%
Thameslink core City Thameslink
58%
Great Western main line Ealing Broadway
58%
Mid Kent line Hayes
58%
Hounslow Loop line Hounslow
58%
Great Eastern main line Romford
58%
South West main line Vauxhall
58%
Elizabeth line Woolwich
58%
East Coast main line Finsbury Park
57%
East London line Highbury & Islington
57%
West Coast main line London Euston
57%
Great Eastern main line London Liverpool Street
57%
East London line Norwood Junction
57%
North Kent line Abbey Wood
56%
South Eastern main line Waterloo East
56%
Bromley North line Bromley North
55%
Chatham main line Bromley South
55%
South Eastern main line Cannon Street
55%
East London line New Cross Gate
55%
East London line Sydenham
55%
West Anglia main line Tottenham Hale
55%
London, Tilbury & Southend line Upminster
55%
South Eastern main line Charing Cross
54%
Northern City line Moorgate
54%
South London line Peckham Rye
54%
High Speed 1 Stratford International
54%
North London line West Hampstead
54%
Dartford Loop line Bexley
53%
Thameslink core London Blackfriars
53%
London, Tilbury & Southend line London Fenchurch Street
53%
Chiltern main line London Marylebone
53%
West Coast main line Wembley Central
53%
West London line Willesden Junction
53%
Great Western main line Acton Main Line
52%
Thameslink core Elephant & Castle
52%
Brighton main line Purley
52%
Waterloo-Reading line Putney
52%
Great Western main line Southall
52%
South London line Clapham High Street
51%
Greenwich line Deptford
51%
West Coast main line Harrow & Wealdstone
51%
Chatham main line Herne Hill
51%
Midland main line Kentish Town
51%
North London line Kew Gardens
51%
Brighton main line Streatham Common
51%
Elizabeth line Tottenham Court Road
51%
Waterloo-Reading line Twickenham
51%
East London line Dalston Junction
50%
East Coast main line Harringay
50%
Great Western main line Hayes & Harlington
50%
West London line Kensington Olympia
50%
Northern City line Old Street
50%
East London line Shoreditch High Street
50%
Bexleyheath line Bexleyheath
49%
East London line Canada Water
49%
South London line Denmark Hill
49%
East London line Penge West
49%
East London line Surrey Quays
49%
Sutton Loop line Tooting
49%
South London line Wandsworth Road
49%
Great Eastern main line Ilford
48%
South London line Queens Road Peckham
48%
Portsmouth line Tulse Hill
48%
East London line Whitechapel
48%
Elizabeth line Canary Wharf
47%
North London line Hackney Central
47%
Lea Valley lines Hackney Downs
47%
East London line Haggerston
47%
East London line Hoxton
47%
Watford DC line Queen's Park
47%
East London line Rotherhithe
47%
East London line Shadwell
47%
West London line Shepherd's Bush
47%
Lea Valley lines Walthamstow Central
47%
Brighton main line Wandsworth Common
47%
Waterloo-Reading line Wandsworth Town
47%
East Coast main line Alexandra Palace
46%
East London line Anerley
46%
Elizabeth line Bond Street
46%
East London line Brockley
46%
North London line Dalston Kingsland
46%
Lea Valley lines Enfield Town
46%
North London line Hackney Wick
46%
Lea Valley lines London Fields
46%
Midland main line London St Pancras International
46%
Lea Valley lines Seven Sisters
46%
East London line Wapping
46%
Great Western main line West Drayton
46%
Great Western main line West Ealing
46%
Gospel Oak-Barking line Barking Riverside
45%
Waterloo-Reading line Barnes
45%
East London line Forest Hill
45%
Shepperton branch line Hampton
45%
Great Western main line Hanwell
45%
London-Aylesbury line Harrow-on-the-Hill
45%
West London line Imperial Wharf
45%
Brighton main line Norbury
45%
South West main line Surbiton
45%
Lea Valley lines Bethnal Green
44%
North London line Camden Road
44%
Mid Kent line Catford Bridge
44%
Lea Valley lines Chingford
44%
North London line Hampstead Heath
44%
Watford DC line Harlesden
44%
Brighton main line Selhurst
44%
North London line Acton Central
43%
Gospel Oak-Barking line Blackhorse Road
43%
North London line Brondesbury
43%
Lea Valley lines Cambridge Heath
43%
East London line Canonbury
43%
Romford-Upminster line Emerson Park
43%
Northern City line Essex Road
43%
North London line Gunnersbury
43%
North London line Homerton
43%
East London line Honor Oak Park
43%
Thameslink core Loughborough Junction
43%
Midland main line Mill Hill Broadway
43%
North London line South Acton
43%
Watford DC line South Hampstead
43%
Watford DC line Stonebridge Park
43%
Crystal Palace line Streatham Hill
43%
Brighton main line Thornton Heath
43%
West London line West Brompton
43%
North Kent line Woolwich Arsenal
43%
Chatham main line Beckenham Junction
42%
Watford DC line Kenton
42%
London, Tilbury & Southend line Limehouse
42%
Watford DC line North Wembley
42%
South Eastern main line Orpington
42%
South West main line Queenstown Road
42%
Lea Valley lines Stoke Newington
42%
Gospel Oak-Barking line Upper Holloway
42%
Gospel Oak-Barking line Walthamstow Queens Road
42%
Chatham main line West Dulwich
42%
North London line Brondesbury Park
41%
Hounslow Loop line Chiswick
41%
Epsom Downs branch line Epsom Downs
41%
North London line Finchley Road & Frognal
41%
Elizabeth line Heathrow Terminal 4
41%
Midland main line Hendon
41%
Watford DC line Kensal Green
41%
North London line Kensal Rise
41%
Portsmouth line Mitcham Junction
41%
Great Eastern main line Seven Kings
41%
Gospel Oak-Barking line South Tottenham
41%
Kingston Loop line Strawberry Hill
41%
Wallington line Wallington
41%
Portsmouth line Carshalton
40%
Elizabeth line Custom House
40%
Portsmouth line East Dulwich
40%
Great Eastern main line Forest Gate
40%
Elizabeth line Heathrow Terminal 5
40%
North London line Kentish Town West
40%
South West main line Raynes Park
40%
Watford DC line South Kenton
40%
Kingston Loop line Teddington
40%
Lea Valley lines Turkey Street
40%
Lea Valley lines White Hart Lane
40%
North London line Caledonian Road & Barnsbury
39%
North Kent line Charlton
39%
Gospel Oak-Barking line Crouch Hill
39%
Northern City line Drayton Park
39%
South West main line Earlsfield
39%
Great Eastern main line Gidea Park
39%
Gospel Oak-Barking line Harringay Green Lanes
39%
Gospel Oak-Barking line Leyton Midland Road
39%
South West main line New Malden
39%
South Eastern main line St Johns
39%
Lea Valley lines Clapton
38%
Watford DC line Kilburn High Road
38%
Great Eastern main line Maryland
38%
Chatham main line Penge East
38%
North Kent line Plumstead
38%
Brighton main line Purley Oaks
38%
Lea Valley lines Stamford Hill
38%
Chiltern main line West Ruislip
38%
Sutton Loop line West Sutton
38%
Great Eastern main line Chadwell Heath
37%
Brighton main line Coulsdon South
37%
Midland main line Cricklewood
37%
Gospel Oak-Barking line Leytonstone High Road
37%
Kingston Loop line Norbiton
37%
Lea Valley lines Silver Street
37%
Chessington branch line Chessington South
36%
Lea Valley lines Edmonton Green
36%
Great Eastern main line Goodmayes
36%
South London line South Bermondsey
36%
Midland main line West Hampstead Thameslink
36%
Sutton Loop line Wimbledon Chase
36%
Lea Valley lines Bruce Grove
35%
Crystal Palace line Gipsy Hill
35%
Watford DC line Hatch End
35%
Great Eastern main line Manor Park
35%
Lea Valley lines Rectory Road
35%
Hounslow Loop line Barnes Bridge
34%
Hounslow Loop line Brentford
34%
Lea Valley lines Bush Hill Park
34%
Chessington branch line Chessington North
34%
Watford DC line Headstone Lane
34%
Lea Valley lines Highams Park
34%
East Coast main line Hornsey
34%
Dartford Loop line Lee
34%
East Coast main line New Southgate
34%
Portsmouth line North Dulwich
34%
Lea Valley lines St James Street
34%
Sutton Loop line Sutton Common
34%
Gospel Oak-Barking line Wanstead Park
34%
Crystal Palace line West Norwood
34%
Bexleyheath line Eltham
33%
Elizabeth line Heathrow Terminals 2 & 3
33%
South Eastern main line Hither Green
33%
Sutton Loop line Morden South
33%
East Coast main line New Barnet
33%
Chiltern main line South Ruislip
33%
Catford Loop line Bellingham
32%
Midland main line Brent Cross West
32%
Great Eastern main line Harold Wood
32%
Hounslow Loop line Isleworth
32%
Portsmouth line Mitcham Eastfields
32%
Waterloo-Reading line Mortlake
32%
Sutton Loop line St Helier
32%
Waterloo-Reading line St Margarets
32%
Gospel Oak-Barking line Woodgrange Park
32%
Lea Valley lines Wood Street
32%
North Kent line Blackheath
31%
Portsmouth line Cheam
31%
Waterloo-Reading line Feltham
31%
Mid Kent line Ladywell
31%
Greenwich line Maze Hill
31%
South Eastern main line Petts Wood
31%
Lea Valley lines Southbury
31%
Greenford branch line South Greenford
31%
Chiltern main line Sudbury & Harrow Road
31%
South West main line Berrylands
30%
South Eastern main line Chislehurst
30%
Mid Kent line Clock House
30%
Greenford branch line Drayton Green
30%
Sutton Loop line Haydons Road
30%
Epsom line Worcester Park
30%
Greenford branch line Castle Bar Park
29%
North Kent line Erith
29%
Shepperton branch line Fulwell
29%
South Eastern main line Grove Park
29%
West Anglia main line Meridian Water
29%
London, Tilbury & Southend line Rainham
29%
Sutton Loop line South Merton
29%
Chiltern main line Sudbury Hill Harrow
29%
London, Tilbury & Southend line Dagenham Dock
28%
Mid Kent line Elmers End
28%
Portsmouth line Hackbridge
28%
Waterloo-Reading line North Sheen
28%
West Anglia main line Northumberland Park
28%
Chatham main line St Mary Cray
28%
West Anglia main line Enfield Lock
27%
Catford Loop line Nunhead
27%
Chatham main line Shortlands
27%
Catford Loop line Beckenham Hill
26%
North Kent line Belvedere
26%
Chatham main line Bickley
26%
Crystal Palace line Birkbeck
26%
Wallington line Carshalton Beeches
26%
West Anglia main line Lea Bridge
26%
Epsom line Motspur Park
26%
Chiltern main line Northolt Park
26%
East Coast main line Oakleigh Park
26%
West Anglia main line Ponders End
26%
Dartford Loop line Sidcup
26%
North Kent line Slade Green
26%
Greenwich line Westcombe Park
26%
Hertford Loop line Bowes Park
25%
Hertford Loop line Enfield Chase
25%
Hertford Loop line Palmers Green
25%
Catford Loop line Ravensbourne
25%
Chessington branch line Tolworth
25%
North Kent line Woolwich Dockyard
25%
Tattenham Corner line Coulsdon Town
24%
Chatham main line Kent House
24%
Chatham main line Sydenham Hill
24%
Hounslow Loop line Syon Lane
24%
Hertford Loop line Crews Hill
23%
Catford Loop line Crofton Park
23%
East Coast main line Hadley Wood
23%
Bexleyheath line Kidbrooke
23%
Mid Kent line Lower Sydenham
23%
Dartford Loop line Mottingham
23%
Wallington line Waddon
23%
Chessington branch line Malden Manor
22%
Mid Kent line New Beckenham
22%
Oxted line Sanderstead
22%
Dartford Loop line Crayford
21%
Dartford Loop line New Eltham
21%
Mid Kent line West Wickham
21%
Epsom Downs branch line Banstead
20%
Epsom Downs branch line Belmont
20%
West Anglia main line Brimsdown
20%
Mid Kent line Eden Park
20%
Bexleyheath line Falconwood
20%
Caterham line Kenley
20%
Bexleyheath line Welling
20%
Waterloo-Reading line Whitton
20%
South Eastern main line Chelsfield
19%
South Eastern main line Elmstead Woods
19%
Hertford Loop line Gordon Hill
18%
South Eastern main line Knockholt
18%
Oxted line Riddlesdown
18%
Bromley North line Sundridge Park
18%
Tattenham Corner line Woodmansterne
18%
Bexleyheath line Barnehurst
17%
Hertford Loop line Winchmore Hill
17%
Dartford Loop line Albany Park
16%
Hertford Loop line Grange Park
16%
Tattenham Corner line Reedham
16%
No matching quizzes found
Score Distribution
Percent of People with Each Score
Percentile by Number Answered
Your Score History
You have not taken this quiz